Digital video Essentials (Record no. 11491)

MARC details
000 -LEADER
fixed length control field 00367nam a2200145Ia 4500
008 - FIXED-LENGTH DATA ELEMENTS--GENERAL INFORMATION
fixed length control field 230312s9999||||xx |||||||||||||| ||und||
020 ## - INTERNATIONAL STANDARD BOOK NUMBER
International Standard Book Number 0-7821-4198-6
082 ## - DEWEY DECIMAL CLASSIFICATION NUMBER
Classification number 791.4377
Item number SAD-D
100 ## - MAIN ENTRY--PERSONAL NAME
Personal name Sadun;Erica
245 #0 - TITLE STATEMENT
Title Digital video Essentials
260 ## - PUBLICATION, DISTRIBUTION, ETC.
Name of publisher, distributor, etc. San Francisco
Place of publication, distribution, etc. London
Date of publication, distribution, etc. 2001
300 ## - PHYSICAL DESCRIPTION
Extent 252
650 ## - SUBJECT ADDED ENTRY--TOPICAL TERM
Topical term or geographic name entry element Mass com
Form subdivision Mass Communication
942 ## - ADDED ENTRY ELEMENTS (KOHA)
Koha item type BOOK
Holdings
Withdrawn status Lost status Source of classification or shelving scheme Damaged status Not for loan Home library Current library Date acquired Total Checkouts Full call number Barcode Date last seen Price effective from Koha item type
    Dewey Decimal Classification     Superior Information Resource Center (SIRC) Superior University- Main Campus Superior Information Resource Center (SIRC) Superior University- Main Campus 03/13/2023   791.4377 SAD-D 11619 03/13/2023 03/13/2023 BOOK

Powered by Koha